00314nam a2200121Ia 4500008004100000041000800041082001500049100001700064245002300081260004600104300003100150365001100181240624s9999 xx 000 0 und d aeng a891.43 GRE aGREEN ROBERT aSHAKTI KE 48 NIYAM c2013aNew DelhibIndiana Publishing House axii, : 258 : p. : cm. ; 21 cRSb25